| 000 | 01390nam a2200337 i 4500 | ||
|---|---|---|---|
| 001 | 000044757 | ||
| 003 | DO-SdBNP | ||
| 005 | 20250123094354.0 | ||
| 007 | ta | ||
| 008 | 150109s2013 dr abc 000 0 spa d | ||
| 020 | _z9789945174895 | ||
| 040 |
_aDO-SdBNP _bspa _cBNPHU _erda |
||
| 082 | 4 |
_a972.9368 _bD542h _222 |
|
| 100 | 1 |
_aDíaz Herrera, Miguel Ángel _d1950- _eautor _4aut. _978207 |
|
| 245 | 1 | 0 |
_aHistoria del municipio de Cevicos / _cMiguel Ángel Díaz Herrera ; prólogo, José G. Guerrero ; corrección Victoria Flores Estrada |
| 264 |
_aSanto Domingo : _bArchivo General de la Nación; _bDepartamento de Investigación y Divulgación, _c2013. |
||
| 300 |
_a369 páginas : _bilustraciones ; _c23 cm. |
||
| 336 |
_atexto _btxt _2rdacontent |
||
| 337 |
_asin mediación _bn _2rdamedia |
||
| 338 |
_avolumen _bnc _2rdacarrier |
||
| 490 | 1 |
_aPublicaciones del Archivo General de la Nación _v194 |
|
| 500 | _aIncluye índice onomástico | ||
| 500 | _aIncluye datos biográficos del autor en las solapas | ||
| 590 | _aInventariado, 2024/BT | ||
| 651 | 4 |
_aCevicos, República Dominicana _xHistoria _972764 |
|
| 651 | 4 |
_aCevicos, República Dominicana _xVida social y costumbres _972765 |
|
| 700 | 1 |
_aGuerrero, José G., _eprologista _918729 _4pról. |
|
| 700 | 1 |
_aFlores Estrada, Victoria, _ecorrector _4corr. _986539 |
|
| 910 | _aValidado. Control de calidad MFF | ||
| 942 |
_2ddc _cLBS1 |
||
| 999 |
_c44246 _d44246 |
||